NURSING FOUNDATIONS I AND II FOR BSC NURSING STUDENTS INCLUDING FIRST AID AND HEALTH ASSESSMENT MODULE (Record no. 366342)

MARC details
000 -LEADER
fixed length control field 00907nam a22001937a 4500
005 - DATE AND TIME OF LATEST TRANSACTION
control field 20250514125828.0
008 - FIXED-LENGTH DATA ELEMENTS--GENERAL INFORMATION
fixed length control field 250514b |||||||| |||| 00| 0 eng d
020 ## - INTERNATIONAL STANDARD BOOK NUMBER
International Standard Book Number 9789395361385
041 ## - LANGUAGE CODE
Language code of text/sound track or separate title Eng
082 ## - DEWEY DECIMAL CLASSIFICATION NUMBER
Classification number 61.73/VAS
100 ## - MAIN ENTRY--PERSONAL NAME
Author Vashist Suman
245 ## - TITLE STATEMENT
Title NURSING FOUNDATIONS I AND II FOR BSC NURSING STUDENTS INCLUDING FIRST AID AND HEALTH ASSESSMENT MODULE
260 ## - PUBLICATION, DISTRIBUTION, ETC.
Place of publication, distribution, etc. Jaipur
Name of publisher, distributor, etc. Neelkanth
Date of publication, distribution, etc. 2023
300 ## - PHYSICAL DESCRIPTION
Extent 440 P
365 ## - TRADE PRICE
Price type code Rs
Price amount 440
Currency code Rs
500 ## - GENERAL NOTE
Keywords Health Assessment<br/>The Nursing Process<br/>Nutritional Needs<br/>Hygiene<br/>Elimination Needs<br/>Diagnostic Testing<br/>Oxygenation Needs<br/>Fluid, Electrolyte and Acid-Base Balances<br/>Administration of Medications<br/>Sensory Needs<br/>Care of terminally Ill, Death and Dying<br/>Self-concept<br/>Sexuality<br/>Stress and Adaptation<br/>Concepts of Cultural Diversity and Spirituality<br/>Nursing Theories<br/>
650 ## - SUBJECT ADDED ENTRY--TOPICAL TERM
Topical term or geographic name entry element Nursing Foundation
942 ## - ADDED ENTRY ELEMENTS (KOHA)
Koha item type Donated Book
Holdings
Withdrawn status Lost status Source of classification or shelving scheme Damaged status Not for loan Home library Current library Date acquired Vendor Net Price Total Checkouts Full call number Barcode Date last seen Date last checked out Actual Price Bill Date Koha item type
    Dewey Decimal Classification     Sitabai Nargundkar College of Nursing Nagpur Sitabai Nargundkar College of Nursing Nagpur 27/06/2025 Donated by Takshasheela Giridhar MEshram 440.00 1 61.73/VAS SNCN-DB-313 19/06/2025 04/06/2025 440.00 26/06/2025 Donated Book